| 000 | 00755nam a22001457a 4500 | ||
|---|---|---|---|
| 020 | _a156607987-x | ||
| 040 | _cNUST | ||
| 082 | _a005.4469,KOR | ||
| 100 |
_aKorzeniowski, Paul _974899 |
||
| 245 |
_aWindows NT4.0: _bMicrosoft's server and operating system strategy for the future / _cPaul, Korzeniowski |
||
| 260 |
_aUSA _bComputer Technology Research Corp _c1997 |
||
| 300 | _a205 p.; | ||
| 505 | _aIntroduction (Page-1), Development of a corporate Strategy (Page-17), The Client Desktop Challenge (Page-33), Toda's Windows NT Workstation (Page-53), The Local Area Networks Battlefield (Page-75), windows NT Server (PAge-87), Windows NT Sever Add-ons (Page-135), The Internet Challenge (Page-161),Conclusion (Page-191). | ||
| 942 |
_2ddc _cBK _k005.4469,KOR |
||
| 999 |
_c594914 _d594914 |
||